Dopad zo zavedenia žetónového systému nakladania s komunálnym odpadom vo vybraných obciach SR
Zhodnotenie dopadov zavedenia žetónového systému pri nakladaní s odpadom v obciach na Slovensku. Zhodnotenie výsledkov.
Gespeichert in:
| 1. Verfasser: | |
|---|---|
| Weitere Verfasser: | |
| Format: | Buchkapitel |
| Sprache: | Slowakisch |
| Schlagworte: | |
| Tags: |
Keine Tags, Fügen Sie das erste Tag hinzu!
|
MARC
| LEADER | 00000naa a2200000 4500 | ||
|---|---|---|---|
| 001 | 0258996 | ||
| 005 | 20240502074110.6 | ||
| 041 | 0 | |a slo | |
| 044 | |a SK | ||
| 245 | 1 | 0 | |a Dopad zo zavedenia žetónového systému nakladania s komunálnym odpadom vo vybraných obciach SR |c Michal Stričík, Veronika Tkáčová |
| 520 | |a Zhodnotenie dopadov zavedenia žetónového systému pri nakladaní s odpadom v obciach na Slovensku. Zhodnotenie výsledkov. | ||
| 610 | 2 | 0 | |a odpad komunálny |
| 610 | 2 | 0 | |a environmentalistika |
| 610 | 2 | 0 | |a hospodárstvo odpadové |
| 610 | 2 | 0 | |a obce |
| 610 | 2 | 0 | |a Slovensko |
| 100 | 1 | |a Stričík, Michal, 1969- | |
| 700 | 1 | |a Tkáčová, Veronika | |